Introduction to positive economics (Record no. 5640)

000 -LEADER
fixed length control field 00453nam a22001817a 4500
001 - CONTROL NUMBER
control field 5640
003 - CONTROL NUMBER IDENTIFIER
control field BD-DhUET
008 - FIXED-LENGTH DATA ELEMENTS--GENERAL INFORMATION
fixed length control field 141127b xxu||||| |||| 00| 0 eng d
040 ## - CATALOGING SOURCE
Transcribing agency 0
Modifying agency BD-DhUET
082 ## - DEWEY DECIMAL CLASSIFICATION NUMBER
Classification number 330
Item number LIP/1971
100 ## - MAIN ENTRY--PERSONAL NAME
Personal name Lipsey, Richard G.
245 ## - TITLE STATEMENT
Title Introduction to positive economics
250 ## - EDITION STATEMENT
Edition statement 3rd ed.
260 ## - PUBLICATION, DISTRIBUTION, ETC. (IMPRINT)
Name of publisher, distributor, etc. English Language Book
Place of publication, distribution, etc. Hampshire
Date of publication, distribution, etc. 1971
300 ## - PHYSICAL DESCRIPTION
Extent xx, 740 p.
Other physical details ill.
Dimensions 26 cm.
650 #0 - SUBJECT ADDED ENTRY--TOPICAL TERM
Topical term or geographic name as entry element Economics
942 ## - ADDED ENTRY ELEMENTS (KOHA)
Koha item type General Book
Holdings
Copy number Price effective from Damaged status Withdrawn status Sublocation or collection (holding branch) Lost status Date acquired Not for loan Koha collection Piece designation (barcode) Shelving location Koha normalized classification for sorting Location (home branch) Source of classification or shelving scheme Koha date last seen Koha item type Koha full call number
12014-11-27  Central Library, BUET 2014-11-27  23693Circulation section330LIP1971Central Library, BUET 2014-11-27General Book330/LIP/1971
22014-11-27  Central Library, BUET 2014-11-27  23702Circulation section330LIP1971Central Library, BUET 2014-11-27General Book330/LIP/1971
32015-01-27  Central Library, BUET 2015-01-27  23689Circulation section330_000000000000000_LIP_1971Central Library, BUET 2015-01-27General Book330/LIP/1971
42015-01-27  Central Library, BUET 2015-01-27  23684Circulation section330_000000000000000_LIP_1971Central Library, BUET 2015-01-27General Book330/LIP/1971
52015-01-27  Central Library, BUET 2015-01-27  23710Circulation section330_000000000000000_LIP_1971Central Library, BUET 2015-01-27General Book330/LIP/1971
62015-01-27  Central Library, BUET 2015-01-27  23713Circulation section330_000000000000000_LIP_1971Central Library, BUET 2015-01-27General Book330/LIP/1971
72015-01-27  Central Library, BUET 2015-01-27  23690Cataloging section330_000000000000000_LIP_1971Central Library, BUET 2015-01-27General Book330/LIP/1971
82015-01-27  Central Library, BUET 2015-01-27  23698Circulation section330_000000000000000_LIP_1971Central Library, BUET 2015-01-27General Book330/LIP/1971
92015-01-27  Central Library, BUET 2015-01-27  23685Circulation section330_000000000000000_LIP_1971Central Library, BUET 2015-01-27General Book330/LIP/1971
102015-01-27  Central Library, BUET 2015-01-27  23712Circulation section330_000000000000000_LIP_1971Central Library, BUET 2015-01-27General Book330/LIP/1971
42015-01-28  Central Library, BUET 2015-01-28 Non Fiction23677Circulation section330_000000000000000_LIP_1971Central Library, BUET 2015-01-28General Book330/LIP/1971
302015-01-28  Central Library, BUET 2015-01-28 Non Fiction23706Circulation section330_000000000000000_LIP_1971Central Library, BUET 2015-01-28General Book330/LIP/1971
292015-01-28  Central Library, BUET 2015-01-28 Non Fiction23705Circulation section330_000000000000000_LIP_1971Central Library, BUET 2015-01-28General Book330/LIP/1971
162015-01-28  Central Library, BUET 2015-01-28 Non Fiction23680Circulation section330_000000000000000_LIP_1971Central Library, BUET 2015-01-28General Book330/LIP/1971
152015-04-20  Central Library, BUET 2015-04-20  23691Circulation section330_000000000000000_LIP_1971Central Library, BUET 2015-04-20General Book330/LIP/1971